[Event "Windsor NAYCC U14 Girls"]
[Site "Windsor"]
[Date "2016.08.09"]
[Round "4.51"]
[White "Morris Suzuki, Sophie"]
[Black "Friedman, Gloria"]
[Result "1/2-1/2"]
[WhiteElo "1787"]
[BlackElo "1725"]
[PlyCount "71"]
[EventDate "2016.08.07"]
[EventType "swiss"]
[EventRounds "9"]
[EventCountry "CAN"]
[SourceTitle "EXT 2022"]
[Source "ChessBase"]
[SourceDate "2021.10.06"]
[SourceVersion "1"]
[SourceVersionDate "2021.10.06"]
[SourceQuality "1"]

1. d4 d5 2. c4 e6 3. Nc3 Nf6 4. Bg5 Be7 5. e3 0-0 6. Bd3 h6 7. Bh4 b6 8. cxd5 exd5 9. Nge2 Bb7 10. 0-0 Nbd7 11. Qc2 c5 12. Rac1 Rc8 13. Qb1 Ne4 14. Bxe7 Qxe7 15. Rfe1 Rfd8 16. Nf4 Ndf6 17. Nce2 Nxf2 18. Kxf2 Ng4+ 19. Kg3 Nxe3 20. h3 g5 21. Nh5 Re8 22. Kh2 g4 23. Neg3 gxh3 24. Rxe3 Qxe3 25. Nf6+ Kh8 26. Bb5 Re4 27. Nfxe4 dxe4 28. Re1 Qf2 29. Re2 Qf4 30. dxc5 Rg8 31. Qe1 hxg2 32. Rxg2 bxc5 33. Qc3+ f6 34. Qxc5 e3 35. Qc4 Qe5 36. Rg1 1/2-1/2